Fiscal imbalance and fiscal risks management on the regional level

Zhodnotenie súčasného využitia nástrojov fiškálnej politiky v regiónoch Českej republiky. Fiškálna nerovnováha a riadenie fiškálnych rizík na regionálnej úrovni. Problematika zadĺženosti regiónov v Česku a aktívne riadenie dlhu.

Gespeichert in:
Bibliographische Detailangaben
1. Verfasser: Dvořáková, Petra
Format: Buchkapitel
Sprache:Englisch
Schlagworte:
Tags: Tag hinzufügen
Keine Tags, Fügen Sie das erste Tag hinzu!

MARC

LEADER 00000naa a2200000 4500
001 0148399
005 20231129073705.6
041 0 |a eng 
044 |a CZ 
245 1 0 |a Fiscal imbalance and fiscal risks management on the regional level  |c Petra Dvořáková 
520 |a Zhodnotenie súčasného využitia nástrojov fiškálnej politiky v regiónoch Českej republiky. Fiškálna nerovnováha a riadenie fiškálnych rizík na regionálnej úrovni. Problematika zadĺženosti regiónov v Česku a aktívne riadenie dlhu. 
610 2 0 |a politika fiškálna 
610 2 0 |a zadlženosť 
610 2 0 |a regióny 
610 2 0 |a Česko 
610 2 0 |a rozvoj hospodársky 
100 1 |a Dvořáková, Petra